| 000 | 00535nam a2200181Ia 4500 | ||
|---|---|---|---|
| 005 | 20250326124354.0 | ||
| 008 | 250326s9999 xx 000 0 und d | ||
| 037 | _aTextbook | ||
| 040 |
_aFMSL _beng _cFMSL |
||
| 041 |
_aeng _2eng |
||
| 084 |
_aX:77 K4 _qFMSL |
||
| 100 |
_aWilliamson H F _9345807 |
||
| 245 | 0 |
_aEconomic development: principles and patterns _cWilliamson H F; Buttrick J A |
|
| 260 |
_aNew Delhi _bNew Delhi, Prentice-Hall _c1964 |
||
| 300 | _a576p | ||
| 942 |
_cTB _hX:77 K4 |
||
| 999 |
_c1273463 _d1273463 |
||